Introduction to human anatomy and physiology (Record no. 357257)

MARC details
000 -LEADER
fixed length control field 00481 a2200193 4500
005 - DATE & TIME
control field 20250319155140.0
008 - FIXED-LENGTH DATA ELEMENTS--GENERAL INFORMATION
fixed length control field 250317b |||||||| |||| 00| 0 eng d
020 ## - ISBN
International Standard Book Number 9780323239257
Price $ 65.99
040 ## - CATALOGING SOURCE
Original cataloging agency VIVEKANANDA LIBRARY
082 ## - DDC NUMBER
Classification number 612
Book Number S48I(4)
100 ## - MAIN ENTRY--PERSONAL NAME
Personal name Solomon, Eldra Pearl
245 ## - TITLE STATEMENT
Title Introduction to human anatomy and physiology
250 ## - EDITION STATEMENT
Edition statement 4th
260 ## - PUBLICATION, DISTRIBUTION, ETC. (IMPRINT)
Name of publisher, distributor, etc Saunders Elsevier
300 ## - PHYSICAL DESCRIPTION
Pages x, 326
650 ## - Subject
Subject Human Anatomy
650 ## - Subject
Subject Physiology
942 ## - ADDED ENTRY ELEMENTS (KOHA)
Koha item type Books
Holdings
Withdrawn status Lost status Source of classification or shelving scheme Damaged status Not for loan Location (home branch) Sublocation or collection (holding branch) Shelving location Date acquired Koha issues (times borrowed) Koha full call number Accession No. Koha date last seen Koha item type
    Dewey Decimal Classification     VIVEKANANDA LIBRARY VIVEKANANDA LIBRARY Vivekananda Library 22/02/2025   612 S48I(4) 437802 22/02/2025 Books
© Designed and Maintained by Vivekananda Library, MDU Rohtak